| 000 | 00439nam a2200157 a 4500 | ||
|---|---|---|---|
| 005 | 20140412111247.0 | ||
| 008 | 001120s19uu xx 00 eng d | ||
| 020 | _a0-86653-560-8 | ||
| 050 |
_aTR(GS 372.4 _bDa167 1990 |
||
| 100 | _aDaniel, Becky | ||
| 245 |
_aReading brainstorm / _cwritten by Becky Daniel; illustrated by Nancee McClure. |
||
| 260 |
_aCarthage, Ill, _c1990. |
||
| 300 | _a76 p. | ||
| 650 | _aReading | ||
| 999 |
_c102994 _d102994 |
||